Памятник поэту Г. Р. Державину в городе Казань

RUSMARC
00006241cmc2a2200000#x 450
001258cd568-00c7-4e3b-8cc5-9f0dc8722f02
00520180620154731.0
100##$a20140423l18471917k l0rusy0189 ca
1010#$arus
102##$aRU
2001#$aПамятник поэту Г. Р. Державину в городе Казань
$j[1847-1917]
251##$cДело
300##$aФотография в рамке с художественным обрамлением, в конверте. На обороте фотографии - надпись: Шумилов, Казань
300##$aЗаголовок дела также: Казанская губерния. Город Казань. Памятник поэту Г. Р. Державину : б/д
801#0$aRU
$bРГИА
$c20140423
801#1$aRU
$bГлавНИВЦ
$c20140423
$2rusmarc
801#2$aRU
$bПБ им. Б.Н. Ельцина
$c20160229
$gRCR
$2rusmarc
850##$aФедеральное казенное учреждение "Российский государственный исторический архив" (РГИА)
852##$aРГИА
$j494
937##$hРГИА
$d11163596
$aASBIBLIO_SCAN
462#0$1001074eb75f-1902-4909-a924-b21579da7b9b
$12001
$aКоллекция фотографий Техническо-строительного комитета МВД древних и архитектурно-скульптурных памятников России
$vД. 494
$1251
$cОпись
$1852
$j169
461#0$1001597a3917-b61a-443f-a337-cac2b95e7413
$12001
$aТехническо-строительный комитет МВД
$1251
$cФонд
$1852
$j1293
215##$a1 лист
$cфото
$d34х46 см
371##$aДокумент не является опубликованным и широко распространяемым
105##$aa###
1220#$ad1847######
$ad1917######
035##$a258cd568-00c7-4e3b-8cc5-9f0dc8722f02
605##$2acquisition_Prlib
$3LIBNET\UAF\0000075895
$aГ. Р. Державин
$lколлекция
605##$aРоссия в лицах
$lколлекция
$2acquisition_Prlib
$3DITM\AF\0000004166
605##$aТерритория
$lколлекция
$2acquisition_Prlib
$3DITM\AF\0000004675
605##$aТерритория России: Татарстан, Республика
$lколлекция
$2acquisition_Prlib
$3LIBNET\UAF\0000057539
605##$aНарод
$lколлекция
$2acquisition_Prlib
$3DITM\AF\0000003834
5171#$aКазанская губерния. Город Казань. Памятник поэту Г. Р. Державину
$eб/д
607##$2prlib_sh
$3LIBNET\UAF\0000075904
$aДержавину Гавриле Романовичу, памятник (Казань, город; Татария)
$jФотографии
686##$2rubbk
$a83.3(2=411.2)52-8Державин, Г. Р.я6
$vLBC/M
686##$a63.3(2)52-8Державин, Г. Р.я6
$vLBC/M
$2rubbk
617##$2prlib_sh
$cКазанская губерния
617##$2prlib_sh
$bТатарстан, Республика
608##$2prlib_sh
$3DITM\AF\0000001707
$aДокументальные фотографии
Формат отображения